Maailman TOP 20 eniten vierailluinta valtiota (2024) - Statistics

Yleistilastot
  • Tätä visaa on pelattu 76 kertaa
    66 viimeisimmän päivityksen jälkeen
  • Keskiarvotulos 15 / 20
Vastaustilastot
Vierailijoita Valtio % Oikein
89,4 milj. Ranska
100%
79,3 milj. Yhdysvallat
100%
83,7 milj. Espanja
96%
65,7 milj. Kiina
95%
39,6 milj. Saksa
91%
64,5 milj. Italia
89%
32,3 milj. Japani
89%
24,6 milj. Portugali
86%
31,3 milj. Kreikka
84%
22,1 milj. Kanada
82%
39,8 milj. Thaimaa
82%
51,2 milj. Turkki
79%
39,4 milj. Yhdistynyt Kuningaskunta
77%
24,4 milj. Venäjä
72%
45 milj. Meksiko
70%
22,1 milj. Puola
58%
20,1 milj. Alankomaat
44%
31,9 milj. Itävalta
44%
26,1 milj. Malesia
18%
23,8 milj. Hong Kong
0%
Ehtoja vastaavia visoja ei löytynyt
Tulosjakauma
Jokaisen tuloksen saaneiden osuus
Persentiili vastausten määrän mukaan
Tuloshistoriasi
Et ole pelannut tätä visaa sen viimeisimmän päivityksen jälkeen